| 000 | 00376nam a2200145Ia 4500 | ||
|---|---|---|---|
| 008 | 211109s9999||||xx |||||||||||||| ||und|| | ||
| 082 |
_a580 _bMAH-P |
||
| 100 | _aMaheshwari, P | ||
| 245 | 0 | _aPinus Botanical Monograph No.7 | |
| 260 |
_bNATIONAL BOOKSTALL _aKottayam _c1969 |
||
| 300 | _a130p. | ||
| 630 | _xGeneral Stack | ||
| 650 |
_aPlants _vBotanyGeneralia |
||
| 942 | _cBOOK | ||
| 999 |
_c90422 _d90422 |
||